000 00587cam a2200229 4500
001 J1001
008 090401t1992 xxu||||| |||| 00| 0 eng d
035 _a(Sirsi) u41410
041 _aeng
050 _a711.552
110 _aHealey and Baker
_91907
245 _aRetail issue No. 2, October 1992 - Retail property costs.
260 _aLondon
_bHealey & Baker
_c1992
300 _a11p. ; 30cm.
350 _a0
650 _aRENT
650 _aSERVICE CHARGES
650 _aSHOPS
690 _aPROPERTY-COMMERCIAL PROPERTY-RETAIL PROPERTY
942 _n0
948 _c04/03/1997
999 _c90929
_d90929